000 00799nam a22003010a 4500
001 PT32302
003 AR-LpoUNG
005 20210131225927.0
008 191001s2005||||sp |||||||||||||||||spa d
020 _a8446012561
_c$22.50
040 _aAR-LpoUNG
_bspa
_cAR-LpoUNG
_eaacr
041 _aspa
044 _asp
082 0 _aR903 954dic
100 1 _aBurguière, André
_edir.
245 1 0 _aDiccionario Akal de ciencias históricas
250 _a1ª ed.
260 _aMadrid :
_bAkal,
_c2005.
300 _a702 p. :
_bfot., mapas., tbls.
650 4 _aCIENCIAS SOCIALES
650 4 _aDICCIONARIOS
650 4 _aHISTORIA
650 4 _aMATERIAL DE REFERENCIA
651 4 _aDOCUMENTOS TEORICOS O METODOLOGICOS
700 1 _aRipoll Perelló, E.
_etr.
905 _a32302
942 _cLSALA
999 _c575
_d575